000 00274nam a2200109Ia 4500
008 220216s9999 xx 000 0 und d
100 _aPeirce C E
245 0 _aAnti-vibration products for motor engines
260 _bIRI Transactions
_c1940
300 _a15-Oct
942 _cJS
999 _c54334
_d54334